Lanean...

Analytical decision making

Xehetasun bibliografikoak
Egile nagusia: Targett, David
Formatua: Printed Book
Argitaratua: Macmillan: India 1997
Gaiak:
LEADER 00537nam a2200193 4500
020 |c 180 
082 |a 658.4 TAR 
100 |a Targett, David 
245 |a Analytical decision making  |c Targett, David 
250
260 |a Macmillan: India  |c 1997 
300 |a 376 p 
490
500
590
650 |a Personality and managerial performance--Decision making 
942 |c BK 
999 |c 135777  |d 135777 
952 |0 0  |1 0  |4 0  |6 658_400000000000000_TAR  |7 0  |9 149237  |a IMK  |b IMK  |g 180.00  |l 0  |o 658.4 TAR  |p IMK02783  |r 2019-10-25  |w 2019-10-25  |y BK